[Event "Northumbria Masters"]
[Site "Newcastle upon Tyne, ENG"]
[Date "2019.08.26"]
[Round "6.21"]
[White "Van Den Bersselaar, Jeroen"]
[Black "Yoon, Jacob D"]
[Result "1-0"]
[WhiteElo "2188"]
[BlackElo "1987"]
[PlyCount "108"]
[EventDate "2019.08.23"]
[EventRounds "9"]
[EventCountry "ENG"]
[SourceTitle "BritBase"]
[Source "John Saunders"]
[SourceDate "2021.08.31"]
[SourceVersion "1"]
[SourceVersionDate "2021.08.31"]
[SourceQuality "1"]

1. d4 e6 2. Nd2 b6 3. e4 c5 4. c3 d5 5. e5 Nc6 6. Bd3 f5 7. Ndf3 Bb7 8. Ne2 Qd7
9. Nf4 c4 10. Be2 Be7 11. h4 O-O-O 12. b3 Na5 13. Ng5 Bxg5 14. hxg5 Ne7 15. Ba3
Ng6 16. Nh5 Kb8 17. Bb4 Rc8 18. Rb1 Nc6 19. Bd6+ Ka8 20. Bf3 Nd8 21. Qc1 Nf7
22. Ba3 Nfxe5 23. dxe5 Nxe5 24. Be2 d4 25. Qf4 dxc3 26. Qxe5 cxb3 27. O-O bxa2
28. Ra1 Qd2 29. Rfd1 Qxg5 30. Qg3 Qxg3 31. Nxg3 g5 32. Rxa2 f4 33. Nh5 e5 34.
Rc2 e4 35. Rdc1 f3 36. gxf3 exf3 37. Bd3 Rcd8 38. Rxc3 Rd4 39. Bf5 b5 40. Be7
Re8 41. Bf6 Rd5 42. Bxh7 g4 43. Ng3 Rd6 44. Bg5 Rd4 45. Re3 Rxe3 46. Bxe3 Rd8
47. Be4 Bxe4 48. Nxe4 Rd7 49. Rb1 a6 50. Ra1 Rd5 51. Rxa6+ Kb7 52. Rb6+ Kc7 53.
Kh2 Rf5 54. Nc3 Rh5+ 1-0

[Event "Northumbria Masters"]
[Site "Newcastle upon Tyne, ENG"]
[Date "2019.08.26"]
[Round "6.22"]
[White "Brown, Martin"]
[Black "Mollison, Jamie"]
[Result "1/2-1/2"]
[WhiteElo "2265"]
[BlackElo "1929"]
[PlyCount "35"]
[EventDate "2019.08.23"]
[EventRounds "9"]
[EventCountry "ENG"]
[SourceTitle "BritBase"]
[Source "John Saunders"]
[SourceDate "2021.08.31"]
[SourceVersion "1"]
[SourceVersionDate "2021.08.31"]
[SourceQuality "1"]

1. e4 e6 2. d4 d5 3. Nd2 Nf6 4. e5 Nfd7 5. c3 c5 6. f4 Nc6 7. Ndf3 cxd4 8. cxd4
f5 9. Bd3 Be7 10. Ne2 Nb6 11. O-O O-O 12. Kh1 Bd7 13. Rg1 Be8 14. h3 a5 15. g4
Bg6 16. Ng5 Bxg5 17. fxg5 Nb4 18. Nf4 1/2-1/2

[Event "Northumbria Masters"]
[Site "Newcastle upon Tyne, ENG"]
[Date "2019.08.26"]
[Round "6.23"]
[White "Gayson, Peter M"]
[Black "Kanyamarala, Trisha"]
[Result "0-1"]
[WhiteElo "2069"]
[BlackElo "2238"]
[PlyCount "68"]
[EventDate "2019.08.23"]
[EventRounds "9"]
[EventCountry "ENG"]
[SourceTitle "BritBase"]
[Source "John Saunders"]
[SourceDate "2021.08.31"]
[SourceVersion "1"]
[SourceVersionDate "2021.08.31"]
[SourceQuality "1"]

1. e4 c5 2. Nf3 d6 3. d4 cxd4 4. Nxd4 Nf6 5. Nc3 a6 6. Bc4 e6 7. O-O Be7 8. Be3
O-O 9. f3 Re8 10. Qd2 Nc6 11. Rad1 Ne5 12. Bb3 Qc7 13. Kh1 b5 14. Qf2 Rb8 15.
Nde2 Bb7 16. Rd2 Bc6 17. Rfd1 Rec8 18. Nf4 b4 19. Nce2 Bd7 20. Nd3 a5 21. a3
Nxd3 22. Rxd3 a4 23. Ba2 bxa3 24. Rc3 Qb7 25. bxa3 Qb2 26. Bc4 d5 27. exd5 exd5
28. Bd3 Rxc3 29. Bd4 Rxd3 30. cxd3 Qxa3 31. Qg3 Rc8 32. Nf4 Rc1 33. Rxc1 Qxc1+
34. Bg1 Bd6 0-1

[Event "Northumbria Masters"]
[Site "Newcastle upon Tyne, ENG"]
[Date "2019.08.26"]
[Round "6.24"]
[White "Holland, Christopher"]
[Black "Metcalfe, Charlie P"]
[Result "1/2-1/2"]
[WhiteElo "2143"]
[BlackElo "1739"]
[PlyCount "66"]
[EventDate "2019.08.23"]
[EventRounds "9"]
[EventCountry "ENG"]
[SourceTitle "BritBase"]
[Source "John Saunders"]
[SourceDate "2021.08.31"]
[SourceVersion "1"]
[SourceVersionDate "2021.08.31"]
[SourceQuality "1"]

1. c4 e5 2. Nc3 Nf6 3. Nf3 Nc6 4. e3 d5 5. cxd5 Nxd5 6. Bb5 Nxc3 7. bxc3 Qf6 8.
d4 exd4 9. cxd4 Bg4 10. Bd2 Rd8 11. Be2 Be7 12. Rb1 b6 13. Qa4 O-O 14. Bb5 Bxf3
15. gxf3 Nb8 16. Ke2 a6 17. Bd3 c5 18. dxc5 b5 19. Qe4 Qg6 20. Qxg6 hxg6 21.
Rhc1 Rc8 {(=)} 22. a4 bxa4 23. Ra1 Nd7 24. Bxa6 Rxc5 25. Rxa4 Rxc1 26. Bxc1 Nc5
27. Ra2 Nb3 28. Rc2 Ra8 29. Bc4 Na1 30. Ra2 Rc8 31. Rxa1 Rxc4 32. Ra8+ Kh7 33.
Bd2 Bd6 1/2-1/2

[Event "Northumbria Masters"]
[Site "Newcastle upon Tyne, ENG"]
[Date "2019.08.26"]
[Round "6.25"]
[White "Forster, Matthew"]
[Black "Guha, Chirag"]
[Result "1-0"]
[WhiteElo "1833"]
[BlackElo "1876"]
[PlyCount "83"]
[EventDate "2019.08.23"]
[EventRounds "9"]
[EventCountry "ENG"]
[SourceTitle "BritBase"]
[Source "John Saunders"]
[SourceDate "2021.08.31"]
[SourceVersion "1"]
[SourceVersionDate "2021.08.31"]
[SourceQuality "1"]

1. d4 d5 2. Nc3 Nf6 3. Bf4 c5 4. e3 cxd4 5. exd4 a6 6. Nf3 Nc6 7. h3 Bf5 8. a3
e6 9. Bd3 Be4 10. Be5 Bxf3 11. Qxf3 Nxe5 12. dxe5 Nd7 13. Qg3 d4 14. Ne4 Qa5+
15. b4 Qxe5 16. f4 Qc7 17. O-O g6 18. h4 Bg7 19. h5 O-O 20. hxg6 fxg6 21. Ng5
Rae8 22. Qh3 Nf6 23. Nxe6 Qc6 24. Rae1 Re7 25. Kh1 Nh5 26. f5 Qd6 27. fxg6
Rxf1+ 28. Rxf1 Ng3+ 29. Kg1 h5 30. Nxg7 Kxg7 31. Rf3 Re3 32. Rf7+ Kh6 33. Qh4
Ne2+ 34. Kf2 Qg3+ 35. Qxg3 Nxg3 36. g7 Nh1+ 37. Kg1 Re1+ 38. Kh2 Nf2 39. g8=Q
Ng4+ 40. Kg3 Re3+ 41. Kf4 Rxd3 42. Qh7# 1-0

[Event "Northumbria Masters"]
[Site "Newcastle upon Tyne, ENG"]
[Date "2019.08.26"]
[Round "7.1"]
[White "Donchenko, Alexander"]
[Black "Gormally, Daniel W"]
[Result "1/2-1/2"]
[WhiteElo "2618"]
[BlackElo "2495"]
[PlyCount "59"]
[EventDate "2019.08.23"]
[EventRounds "9"]
[EventCountry "ENG"]
[SourceTitle "BritBase"]
[Source "John Saunders"]
[SourceDate "2021.08.31"]
[SourceVersion "1"]
[SourceVersionDate "2021.08.31"]
[SourceQuality "1"]

1. Nf3 Nf6 2. c4 g6 3. Nc3 Bg7 4. e4 O-O 5. d4 c5 6. d5 d6 7. h3 e6 8. Bd3 exd5
9. exd5 Re8+ 10. Be3 Rxe3+ 11. fxe3 Qe7 12. O-O Nbd7 13. Qd2 Nh5 14. Qf2 Ne5
15. Be2 Nf6 16. Nxe5 Qxe5 17. e4 Bd7 18. Qf4 Qe7 19. Rae1 Ne8 20. Bg4 Bd4+ 21.
Kh1 Be5 22. Qf3 Bxg4 23. Qxg4 Nf6 24. Qd1 Nh5 25. Rf3 Ng3+ 26. Kg1 Bd4+ 27. Kh2
Be5 28. Kg1 Bd4+ 29. Kh2 Be5 30. Kg1 1/2-1/2

[Event "Northumbria Masters"]
[Site "Newcastle upon Tyne, ENG"]
[Date "2019.08.26"]
[Round "7.2"]
[White "Siddharth, Jagadeesh"]
[Black "Pruijssers, Roeland"]
[Result "0-1"]
[WhiteElo "2382"]
[BlackElo "2534"]
[PlyCount "64"]
[EventDate "2019.08.23"]
[EventRounds "9"]
[EventCountry "ENG"]
[SourceTitle "BritBase"]
[Source "John Saunders"]
[SourceDate "2021.08.31"]
[SourceVersion "1"]
[SourceVersionDate "2021.08.31"]
[SourceQuality "1"]

1. d4 f5 2. g3 Nf6 3. Bg2 g6 4. c4 Bg7 5. Nc3 O-O 6. Nf3 d6 7. O-O c6 8. Rb1
Qc7 9. d5 Na6 10. Be3 e5 11. dxe6 Bxe6 12. b3 Rad8 13. Qc2 Nc5 14. Rbc1 Rde8
15. Rfd1 Ng4 16. Bf4 Nxf2 17. Bxd6 Qb6 18. b4 Nce4 19. Nxe4 Nxe4+ 20. c5 Qxb4
21. Bxf8 Bxf8 22. Nd4 Bf7 23. Nb3 Bh6 24. Ra1 Bg7 25. Rac1 Nc3 26. Re1 a5 27.
Bf3 a4 28. Nd2 Qxc5+ 29. Kg2 Qe3 30. Nf1 Qe7 31. Ra1 a3 32. Nd2 Nd5 0-1

[Event "Northumbria Masters"]
[Site "Newcastle upon Tyne, ENG"]
[Date "2019.08.26"]
[Round "7.3"]
[White "Welling, Gerard"]
[Black "Merry, Alan B"]
[Result "0-1"]
[WhiteElo "2307"]
[BlackElo "2427"]
[PlyCount "64"]
[EventDate "2019.08.23"]
[EventRounds "9"]
[EventCountry "ENG"]
[SourceTitle "BritBase"]
[Source "John Saunders"]
[SourceDate "2021.08.31"]
[SourceVersion "1"]
[SourceVersionDate "2021.08.31"]
[SourceQuality "1"]

1. d4 c5 2. c3 Nf6 3. Nf3 e6 4. Bg5 d5 5. e3 Nbd7 6. Nbd2 Bd6 7. Bd3 h6 8. Bh4
Qc7 9. Bg3 O-O 10. O-O b6 11. Qe2 Bb7 12. Bxd6 Qxd6 13. e4 dxe4 14. Nxe4 Qd5
15. Rfe1 cxd4 16. Nxd4 Nc5 17. Nxf6+ gxf6 18. Qg4+ Kh8 19. Bf1 Rg8 20. Qh3 Rg6
21. Re3 Ne4 22. Nf3 Rag8 23. c4 Qc5 24. Rd1 f5 25. b4 Qxb4 26. Ne5 Rf6 27.
Nxf7+ Rxf7 28. Rxe4 Rg6 29. Red4 Rfg7 30. Rd8+ Kh7 31. R8d7 Qb2 32. Qb3 Bxg2
0-1

[Event "Northumbria Masters"]
[Site "Newcastle upon Tyne, ENG"]
[Date "2019.08.26"]
[Round "7.4"]
[White "Munshi, Aditya"]
[Black "Eggleston, David J"]
[Result "0-1"]
[WhiteElo "2091"]
[BlackElo "2403"]
[PlyCount "88"]
[EventDate "2019.08.23"]
[EventRounds "9"]
[EventCountry "ENG"]
[SourceTitle "BritBase"]
[Source "John Saunders"]
[SourceDate "2021.08.31"]
[SourceVersion "1"]
[SourceVersionDate "2021.08.31"]
[SourceQuality "1"]

1. e4 e6 2. d4 d5 3. Nd2 c5 4. exd5 exd5 5. Ngf3 Nf6 6. Bb5+ Bd7 7. Be2 Nc6 8.
O-O Be7 9. dxc5 Bxc5 10. Nb3 Bb6 11. Bg5 O-O 12. c3 Re8 13. Re1 Bxf2+ 14. Kxf2
Ne4+ 15. Kg1 Nxg5 16. Qxd5 Ne6 17. Kh1 Nf4 18. Qd2 Nxe2 19. Rxe2 Rxe2 20. Qxe2
Bg4 21. Qe4 Bh5 22. Nfd4 Bg6 23. Nxc6 Bxe4 24. Nxd8 Rxd8 25. Nd4 f5 26. Kg1 Kf7
27. Kf2 g5 28. g3 Rd6 29. Rf1 h5 30. Ke3 Kf6 31. h3 Ke5 32. Rf2 Rd7 33. a3 h4
34. gxh4 f4+ 35. Ke2 gxh4 36. Kf1 Rg7 37. Ne2 f3 38. Nd4 Rg3 39. Rh2 Kf4 40.
Kf2 Rg6 41. Nb3 Rb6 42. Nd4 Rxb2+ 43. Kg1 Rxh2 44. Kxh2 f2 0-1

[Event "Northumbria Masters"]
[Site "Newcastle upon Tyne, ENG"]
[Date "2019.08.26"]
[Round "7.5"]
[White "Fitzsimons, David"]
[Black "Tan, Justin"]
[Result "1/2-1/2"]
[WhiteElo "2317"]
[BlackElo "2503"]
[PlyCount "133"]
[EventDate "2019.08.23"]
[EventRounds "9"]
[EventCountry "ENG"]
[SourceTitle "BritBase"]
[Source "John Saunders"]
[SourceDate "2021.08.31"]
[SourceVersion "1"]
[SourceVersionDate "2021.08.31"]
[SourceQuality "1"]

1. e4 e5 2. Nf3 Nc6 3. d4 exd4 4. Nxd4 Bc5 5. Nb3 Bb6 6. Qe2 a5 7. a4 Nd4 8.
Nxd4 Bxd4 9. Na3 d6 10. Nb5 Bb6 11. Be3 Bxe3 12. Qxe3 c6 13. Nc3 Nf6 14. O-O-O
O-O 15. Qf4 d5 16. exd5 cxd5 17. Bc4 Be6 18. Rd4 Rc8 19. Rhd1 Rc5 20. Kb1 Qd7
21. Bb5 Qe7 22. Qe5 Rfc8 23. f3 h6 24. g4 Qc7 25. Qxc7 R8xc7 26. h4 g5 27. hxg5
hxg5 28. Re1 Kg7 29. Re5 Kh6 30. Rd1 d4 31. Rxc5 Rxc5 32. Ne2 Re5 33. Nxd4 Bd5
34. c3 Kg7 35. Kc2 Kf8 36. Kd3 Ng8 37. Rh1 f6 38. Bc4 Ne7 39. Rh8+ Kg7 40. Rb8
Bc6 41. Bb5 Kf7 42. c4 Re1 43. b3 Rd1+ 44. Kc3 Rf1 45. Kd2 f5 46. Ke2 Rb1 47.
gxf5 Kf6 48. Kd3 Rd1+ 49. Kc3 Rc1+ 50. Kb2 Rf1 51. Bxc6 bxc6 52. Rb6 Rf2+ 53.
Ka3 Kf7 54. b4 Nxf5 55. bxa5 Nxd4 56. a6 Rxf3+ 57. Kb4 Nc2+ 58. Kc5 Ra3 59.
Kxc6 Rxa4 60. Kb7 g4 61. a7 g3 62. Rb1 Ne3 63. a8=Q Rxa8 64. Kxa8 g2 65. Rg1
Ke6 66. Kb7 Kd6 67. Rxg2 1/2-1/2

[Event "Northumbria Masters"]
[Site "Newcastle upon Tyne, ENG"]
[Date "2019.08.26"]
[Round "7.6"]
[White "Maksimenko, Andrei"]
[Black "Gourlay, Iain"]
[Result "1-0"]
[WhiteElo "2468"]
[BlackElo "2345"]
[PlyCount "83"]
[EventDate "2019.08.23"]
[EventRounds "9"]
[EventCountry "ENG"]
[SourceTitle "BritBase"]
[Source "John Saunders"]
[SourceDate "2021.08.31"]
[SourceVersion "1"]
[SourceVersionDate "2021.08.31"]
[SourceQuality "1"]

1. d4 d5 2. c4 c6 3. Nc3 Nf6 4. e3 a6 5. Qc2 g6 6. Bd3 Bg7 7. Nf3 O-O 8. O-O
Bg4 9. Ne5 Be6 10. c5 Nbd7 11. Nxd7 Qxd7 12. Bd2 Bf5 13. Bxf5 gxf5 14. f3 Rad8
15. Ne2 Kh8 16. a4 Rg8 17. Ra3 Bh6 18. b4 Rg6 19. Rb3 Rdg8 20. Rf2 Nh5 21. Qb2
f4 22. Nxf4 Nxf4 23. exf4 Qh3 24. Be3 Qh4 25. Qd2 Re6 26. g3 Qh3 27. Re2 Bf8
28. Bf2 Rh6 29. Be1 Rhg6 30. Re5 Rf6 31. Re2 Bh6 32. Rxe7 Rxf4 33. Qe2 Bg7 34.
Bf2 Rxd4 35. Rxf7 Rc4 36. Rb1 Qh5 37. Rxb7 Qf5 38. Re1 Rc2 39. Qe7 Bf6 40. Qf7
d4 41. Qxg8+ Kxg8 42. Re8# 1-0

[Event "Northumbria Masters"]
[Site "Newcastle upon Tyne, ENG"]
[Date "2019.08.26"]
[Round "7.7"]
[White "Raetsky, Alexander"]
[Black "Dong, Bao Nghia"]
[Result "1/2-1/2"]
[WhiteElo "2404"]
[BlackElo "2217"]
[PlyCount "103"]
[EventDate "2019.08.23"]
[EventRounds "9"]
[EventCountry "ENG"]
[SourceTitle "BritBase"]
[Source "John Saunders"]
[SourceDate "2021.08.31"]
[SourceVersion "1"]
[SourceVersionDate "2021.08.31"]
[SourceQuality "1"]

1. d4 Nf6 2. c4 c5 3. Nf3 e6 4. g3 cxd4 5. Nxd4 d5 6. Bg2 Bb4+ 7. Bd2 Bxd2+ 8.
Nxd2 e5 9. Nc2 a5 10. cxd5 Nxd5 11. Nc4 Be6 12. Nxe5 O-O 13. O-O Qf6 14. Qd4
Rd8 15. Ne3 Nb4 16. Qf4 Qxf4 17. gxf4 Bxa2 18. Bxb7 Ra7 19. Rfd1 Re8 20. Bf3
Bb3 21. Rd4 Ra6 22. Rc1 f6 23. N5c4 Na2 24. Ra1 a4 25. f5 Nc6 26. Rd6 Nab4 27.
Nd2 Bf7 28. Ndc4 Ne5 29. Rxa6 Nxf3+ 30. exf3 Nxa6 31. Rxa4 Nc5 32. Ra7 Bxc4 33.
Nxc4 Re1+ 34. Kg2 Nd3 35. f4 Nxf4+ 36. Kf3 Nd3 37. Ra8+ Kf7 38. Ra7+ Kf8 39.
Rb7 Rc1 40. Nd6 Rc6 41. Ne4 Rc2 42. b3 h5 43. Ke3 Ne5 44. h3 Rc1 45. f4 Re1+
46. Kd4 Nf3+ 47. Kd5 Rd1+ 48. Kc5 Rc1+ 49. Kd5 Rd1+ 50. Kc5 Rc1+ 51. Kd5 Rd1+
52. Kc5 1/2-1/2

[Event "Northumbria Masters"]
[Site "Newcastle upon Tyne, ENG"]
[Date "2019.08.26"]
[Round "7.8"]
[White "Villiers, Thomas"]
[Black "Berry, Neil"]
[Result "0-1"]
[WhiteElo "2218"]
[BlackElo "2207"]
[PlyCount "122"]
[EventDate "2019.08.23"]
[EventRounds "9"]
[EventCountry "ENG"]
[SourceTitle "BritBase"]
[Source "John Saunders"]
[SourceDate "2021.08.31"]
[SourceVersion "1"]
[SourceVersionDate "2021.08.31"]
[SourceQuality "1"]

1. e4 e5 2. Nc3 Nf6 3. Bc4 Nc6 4. f4 exf4 5. Nf3 Bb4 6. O-O O-O 7. e5 Ng4 8. d4
d6 9. Bxf4 dxe5 10. Nxe5 Ncxe5 11. Bxe5 Bxc3 12. bxc3 Nxe5 13. dxe5 Be6 14.
Bxe6 fxe6 15. Rxf8+ Qxf8 16. Qd7 Qc5+ 17. Qd4 Qc6 18. Rf1 Rf8 19. Rxf8+ Kxf8
20. Qxa7 Qxc3 21. Qf2+ Ke8 22. Qe2 Qa1+ 23. Kf2 Qxa2 24. Qb5+ c6 25. Qd3 Qd5
26. Qe2 Qd4+ 27. Kg3 b5 28. h3 b4 29. Kh2 Ke7 30. Kh1 h6 31. Qa6 c5 32. Qe2 c4
33. Qe1 c3 34. Qb1 Qc4 35. Qd1 Kf7 36. Qd7+ Kg8 37. Qa4 Kh7 38. Kh2 Qd4 39. Kh1
Qd1+ 40. Kh2 Qb1 41. h4 Qc1 42. g3 h5 43. Kg2 Qd2+ 44. Kf1 Qd4 45. Qb3 Qxe5 46.
Qxb4 Qf5+ 47. Kg1 Qxc2 48. Qc4 Qd1+ 49. Kh2 Qd2+ 50. Kh3 Qe3 51. Qb5 Qf3 52.
Kh2 c2 53. Qc5 Qf5 54. Qc4 Qf2+ 55. Kh3 Qf5+ 56. Kh2 Kg6 57. g4 Qf2+ 58. Kh3
Qe3+ 59. Kh2 c1=Q 60. gxh5+ Kh7 61. Qc3 Qcg1# 0-1

[Event "Northumbria Masters"]
[Site "Newcastle upon Tyne, ENG"]
[Date "2019.08.26"]
[Round "7.9"]
[White "Storey, Charles H"]
[Black "Adair, James R"]
[Result "1/2-1/2"]
[WhiteElo "2261"]
[BlackElo "2473"]
[PlyCount "135"]
[EventDate "2019.08.23"]
[EventRounds "9"]
[EventCountry "ENG"]
[SourceTitle "BritBase"]
[Source "John Saunders"]
[SourceDate "2021.08.31"]
[SourceVersion "1"]
[SourceVersionDate "2021.08.31"]
[SourceQuality "1"]

1. d4 Nf6 2. Nf3 e6 3. Bf4 d5 4. e3 Bd6 5. Nbd2 O-O 6. Ne5 c5 7. c3 Qc7 8. Bd3
Nbd7 9. Nxd7 Bxd7 10. Bg5 Be7 11. Nf3 Qb6 12. Qe2 a6 13. Ne5 Bb5 14. Bxb5 Qxb5
15. Qxb5 axb5 16. Bxf6 gxf6 17. Nd7 Rfd8 18. Nxc5 Bxc5 19. dxc5 Rdc8 20. a3
Rxc5 21. O-O-O Rc4 22. Rd4 Raa4 23. Rhd1 Kf8 24. Kc2 Ke7 25. g4 Kd6 26. f4 Ra8
27. e4 Rac8 28. Rxc4 Rxc4 29. exd5 Rxf4 30. dxe6+ Kxe6 31. Re1+ Kd6 32. Rd1+
Kc6 33. h3 f5 34. gxf5 Rxf5 35. Rd4 Rh5 36. h4 Rf5 37. Kb3 Rf2 38. Rg4 Rh2 39.
Rf4 f5 40. Ka2 h5 41. Kb3 Kb6 42. Ka2 Kc6 43. Kb3 Kb6 44. a4 bxa4+ 45. Kxa4
Rxb2 46. Rxf5 Kc6 47. Rxh5 Rb1 48. Rg5 Rh1 49. Rg4 Kc5 50. Kb3 Rb1+ 51. Kc2 Rh1
52. Kb3 Rb1+ 53. Ka2 Rc1 54. c4 b5 55. Kb2 Rh1 56. cxb5 Kxb5 57. Kc3 Kc5 58.
Kd3 Kd5 59. Ke3 Ke5 60. Kf3 Rf1+ 61. Ke3 Kf5 62. Rg5+ Kf6 63. Ke4 Ra1 64. Rf5+
Kg6 65. Rg5+ Kh6 66. Rg8 Ra4+ 67. Kf5 Ra5+ 68. Kf6 1/2-1/2

[Event "Northumbria Masters"]
[Site "Newcastle upon Tyne, ENG"]
[Date "2019.08.26"]
[Round "7.10"]
[White "Kanyamarala, Tarun"]
[Black "Stoyanov, Viktor"]
[Result "0-1"]
[WhiteElo "2142"]
[BlackElo "2207"]
[PlyCount "118"]
[EventDate "2019.08.23"]
[EventRounds "9"]
[EventCountry "ENG"]
[SourceTitle "BritBase"]
[Source "John Saunders"]
[SourceDate "2021.08.31"]
[SourceVersion "1"]
[SourceVersionDate "2021.08.31"]
[SourceQuality "1"]

1. d4 Nf6 2. c4 g6 3. Nc3 d5 4. Bg5 Ne4 5. Bh4 Nxc3 6. bxc3 dxc4 7. e3 Be6 8.
Nf3 Bg7 9. Rb1 Bd5 10. Nd2 b6 11. Nxc4 O-O 12. f3 c5 13. Be2 Qc7 14. Bg3 Qc8
15. Qb3 cxd4 16. cxd4 Nc6 17. Qa4 Qe6 18. Bf2 Rac8 19. Nd2 f5 20. Ba6 Nxd4 21.
Bxc8 Rxc8 22. O-O Ne2+ 23. Kh1 Nc3 24. Qxa7 Nxb1 25. Rxb1 Ra8 26. Qc7 Be5 27.
Qc1 Rc8 28. Qd1 Bxa2 29. Rc1 Rxc1 30. Qxc1 Bd5 31. e4 fxe4 32. Nxe4 Bxe4 33.
fxe4 Qf6 34. Qd2 Kg7 35. Kg1 Qc6 36. Qg5 Bf6 37. Qe3 Qd6 38. Qe2 Bd4 39. g3
Bxf2+ 40. Kxf2 Qd4+ 41. Kg2 h5 42. Kf3 Qf6+ 43. Kg2 Qe5 44. Qc4 Qc5 45. Qb3 b5
46. Qb2+ Kh7 47. Kf3 b4 48. Ke2 Qc4+ 49. Ke3 Kg8 50. Qd2 Kf7 51. Qf2+ Ke8 52.
Qb2 Kd7 53. Qd2+ Kc7 54. Qb2 Kd6 55. Qd2+ Ke5 56. Qb2+ Qc3+ 57. Qxc3+ bxc3 58.
Kd3 c2 59. Kxc2 Kxe4 0-1

[Event "Northumbria Masters"]
[Site "Newcastle upon Tyne, ENG"]
[Date "2019.08.26"]
[Round "7.11"]
[White "Han, Yichen"]
[Black "Gogia, Armaan"]
[Result "1-0"]
[WhiteElo "2205"]
[BlackElo "1754"]
[PlyCount "95"]
[EventDate "2019.08.23"]
[EventRounds "9"]
[EventCountry "ENG"]
[SourceTitle "BritBase"]
[Source "John Saunders"]
[SourceDate "2021.08.31"]
[SourceVersion "1"]
[SourceVersionDate "2021.08.31"]
[SourceQuality "1"]

1. d4 Nf6 2. Nf3 g6 3. Nbd2 d5 4. e3 Bg7 5. b4 O-O 6. c4 a5 7. b5 c6 8. a4 c5
9. Bb2 Nbd7 10. Be2 cxd4 11. Bxd4 Re8 12. cxd5 Nxd5 13. Bxg7 Kxg7 14. Rc1 N7f6
15. O-O Bf5 16. Qb3 Rc8 17. Rxc8 Qxc8 18. Bc4 e6 19. Nd4 Rd8 20. Qb2 Kg8 21.
Bxd5 exd5 22. Rc1 Qd7 23. N2b3 Ne4 24. Nc5 Nxc5 25. Rxc5 Rc8 26. Qc3 Rxc5 27.
Qxc5 Qc8 28. Qxc8+ Bxc8 29. Kf1 Kf8 30. Ke2 Ke7 31. Kd3 Kd6 32. h3 h5 33. f3 h4
34. Kc3 Bf5 35. Nxf5+ gxf5 36. Kd4 b6 37. e4 dxe4 38. fxe4 fxe4 39. Kxe4 Kc5
40. Kf3 Kb4 41. g3 hxg3 42. h4 Kxa4 43. h5 Kxb5 44. h6 Kb4 45. h7 Kb3 46. h8=Q
Ka2 47. Qd4 Kb3 48. Qxb6+ 1-0

[Event "Northumbria Masters"]
[Site "Newcastle upon Tyne, ENG"]
[Date "2019.08.26"]
[Round "7.12"]
[White "Mannion, Stephen R"]
[Black "Mosnegutu, Klauss"]
[Result "0-1"]
[WhiteElo "2280"]
[BlackElo "2230"]
[PlyCount "123"]
[EventDate "2019.08.23"]
[EventRounds "9"]
[EventCountry "ENG"]
[SourceTitle "BritBase"]
[Source "John Saunders"]
[SourceDate "2021.08.31"]
[SourceVersion "1"]
[SourceVersionDate "2021.08.31"]
[SourceQuality "1"]

1. e4 c5 2. Nf3 d6 3. d4 cxd4 4. Nxd4 Nf6 5. Nc3 a6 6. Bd3 e5 7. Nde2 Be6 8.
O-O Nbd7 9. f4 Nc5 10. f5 Nxd3 11. Qxd3 Bd7 12. Bg5 Qb6+ 13. Kh1 Bc6 14. Bxf6
gxf6 15. b3 Rc8 16. Nd5 Bxd5 17. exd5 Bh6 18. Rf3 Qb4 19. c3 Qa3 20. Qc2 Rc5
21. Rh3 Bg5 22. Rd3 Ke7 23. Ng3 Qb4 24. Re1 Qh4 25. Re4 Bf4 26. Rf3 Kd7 27. c4
Rhc8 28. Qe2 Rd8 29. Nf1 Qh5 30. g3 Bg5 31. g4 Qh6 32. Ng3 b5 33. Nh5 Bh4 34.
Rc3 Rdc8 35. Rc2 Qf8 36. a3 Qd8 37. Kg2 Qc7 38. Qd3 Qb7 39. Ree2 bxc4 40. bxc4
Qb1 41. Qe4 Rb8 42. Nf4 Qd1 43. Nd3 Rb1 44. Nxc5+ dxc5 45. Kh3 Bg5 46. Rc3 Qf1+
47. Qg2 Qd1 48. Rb2 Rxb2 49. Qxb2 Qf1+ 50. Qg2 Qe1 51. Rg3 Qb1 52. Qe2 e4 53.
Rc3 e3 54. Rc2 Qb6 55. Qf3 Qb3 56. Re2 Qxc4 57. Kg2 Qd4 58. h4 Bf4 59. Kh3 c4
60. d6 Kxd6 61. Re1 Ke5 62. Qb7 0-1

[Event "Northumbria Masters"]
[Site "Newcastle upon Tyne, ENG"]
[Date "2019.08.26"]
[Round "7.13"]
[White "Eggleston, Thomas A"]
[Black "Abdulla, Murad"]
[Result "1-0"]
[WhiteElo "2170"]
[BlackElo "2265"]
[PlyCount "105"]
[EventDate "2019.08.23"]
[EventRounds "9"]
[EventCountry "ENG"]
[SourceTitle "BritBase"]
[Source "John Saunders"]
[SourceDate "2021.08.31"]
[SourceVersion "1"]
[SourceVersionDate "2021.08.31"]
[SourceQuality "1"]

1. e4 c5 2. b3 Nc6 3. Bb2 e5 4. Nc3 d6 5. Bc4 g6 6. Nge2 Bg7 7. O-O Nge7 8. d3
a6 9. a4 Rb8 10. Qc1 O-O 11. f4 Kh8 12. fxe5 Nxe5 13. Nd5 N7c6 14. Ndf4 Qe8 15.
Ng3 b5 16. axb5 axb5 17. Bd5 Ne7 18. b4 c4 19. Ra3 Nxd5 20. Nxd5 Qe6 21. d4 Nc6
22. Nf4 Qg4 23. d5 Ne5 24. Kh1 f5 25. exf5 Bxf5 26. Nfe2 Be4 27. Nf4 Bf5 28.
Bd4 Bxc2 29. Ne6 Rxf1+ 30. Qxf1 Bd3 31. Qa1 Rg8 32. Ra8 h5 33. Rxg8+ Kxg8 34.
Qa8+ Kh7 35. Qa7 Qd1+ 36. Bg1 Nf7 37. Qxf7 Qa1 38. Qxg7+ Qxg7 39. Nxg7 Kxg7 40.
Bd4+ Kf7 41. h4 g5 42. Nxh5 Kg6 43. Nf6 gxh4 44. Kg1 Kf5 45. Kf2 Kf4 46. Bb2
Bg6 47. Bc3 Bf7 48. Ke2 Kg3 49. Be1+ Kxg2 50. Bxh4 Bg6 51. Be1 Bf7 52. Ke3 Kh3
53. Kd4 1-0

[Event "Northumbria Masters"]
[Site "Newcastle upon Tyne, ENG"]
[Date "2019.08.26"]
[Round "7.14"]
[White "French, Max"]
[Black "Birtwistle, Nigel"]
[Result "1-0"]
[WhiteElo "2172"]
[BlackElo "2136"]
[PlyCount "73"]
[EventDate "2019.08.23"]
[EventRounds "9"]
[EventCountry "ENG"]
[SourceTitle "BritBase"]
[Source "John Saunders"]
[SourceDate "2021.08.31"]
[SourceVersion "1"]
[SourceVersionDate "2021.08.31"]
[SourceQuality "1"]

1. d4 Nf6 2. c4 c5 3. d5 b5 4. Qc2 g6 5. e4 bxc4 6. Bxc4 d6 7. Nf3 Bg7 8. O-O
O-O 9. h3 Nbd7 10. Re1 Qb6 11. Na3 Rb8 12. Rb1 Nh5 13. Bd2 Ba6 14. Bc3 Bxc3 15.
Qxc3 Bxc4 16. Nxc4 Qb4 17. Na5 Nf4 18. Qxb4 Rxb4 19. Nc6 Ra4 20. Nxe7+ Kg7 21.
g3 Nd3 22. Re3 N3e5 23. Nxe5 Nxe5 24. b3 Rxa2 25. f4 Kf6 26. fxe5+ Kxe7 27.
exd6+ Kxd6 28. Rd1 f6 29. Rf1 Ke5 30. Rc3 Kxe4 31. Rxc5 Rd2 32. Re1+ Kd4 33.
Rc7 a5 34. d6 Rd3 35. d7 Rxb3 36. Rc8 Rb8 37. Rxf8 1-0

[Event "Northumbria Masters"]
[Site "Newcastle upon Tyne, ENG"]
[Date "2019.08.26"]
[Round "7.15"]
[White "Ratnesan, Ranesh"]
[Black "Burrows, Martin P"]
[Result "1/2-1/2"]
[WhiteElo "2098"]
[BlackElo "2121"]
[PlyCount "36"]
[EventDate "2019.08.23"]
[EventRounds "9"]
[EventCountry "ENG"]
[SourceTitle "BritBase"]
[Source "John Saunders"]
[SourceDate "2021.08.31"]
[SourceVersion "1"]
[SourceVersionDate "2021.08.31"]
[SourceQuality "1"]

1. d4 Nf6 2. Bg5 e6 3. e4 h6 4. Bxf6 Qxf6 5. c3 d5 6. Nd2 c5 7. Ngf3 Nc6 8.
dxc5 Bxc5 9. Bd3 Bb6 10. O-O O-O 11. Qe2 dxe4 12. Qxe4 g6 13. Nc4 Bc7 14. Rfe1
Bd7 15. Nce5 Nxe5 16. Nxe5 Bxe5 17. Qxe5 Qxe5 18. Rxe5 Bc6 1/2-1/2